000 01205nam0a2200337 4500
001 RU\NLR\BIBL_A\011865801
005 20241001110514.0
010 _a978-5-907051-66-9
_9100
021 _aRU
_bКН-П-18-080527
_9КН-П-18-5833
035 _a(NLR Aleph) 011865801
035 _a(RuMoRGB)009784897
090 _a12177759
_c12177759
100 _a20181119d2018 u y0rusy50 ca
101 0 _arus
102 _aRU
105 _aach|zzzz000zd
200 1 _aЛишины. История рода
_fА. В. Шпунтов
210 _aМосква
_cСтолица
_d2018
215 _a435 с.
_cил., портр., цв. ил., факс.
_d30
300 _aНа обл. авт. не указан
517 1 _aИстория рода
602 _aЛишины (род)
_92317238
_3RU\NLR\AUTH\6601611668
686 1 _aТ214(2)0-21
700 1 _aШпунтов
_bА. В.
_gАлександр Васильевич
722 _4570
_7ca
_8rus
_aЛишины (род)
_9170066
_3RU\NLR\AUTH\770170116
942 _cBOOK
980 _aGENEAL02
980 _aNBR
980 _aNB